| 000 | 00951 a2200253 4500 | ||
|---|---|---|---|
| 005 | 20140903174918.0 | ||
| 008 | 130913e2009 fr frn 001 0dfre d | ||
| 020 | _a9782729842451 | ||
| 040 |
_aCO-BoUCM _bspa _cRoberto Burgos _dAldemar Mondragón |
||
| 041 | 0 | 0 | _afre |
| 100 |
_aLe Bigot, Claude _944721 |
||
| 245 | 0 | 0 |
_aLittératures hispaniques _b76 oeuvres incontournables _cClaude Le Bigot, Marie-Madeleine Gladieu |
| 260 |
_c2009 _bEllipses Marketing _aParis |
||
| 300 | _a416 páginas | ||
| 650 | 7 |
_aLiteratura hispánica _ySiglo XIX _944725 |
|
| 650 | 7 |
_aLiteratura hispánica _ySiglo XVII _944723 |
|
| 650 | 7 |
_aLiteratura hispánica _ySiglo XVIII _944724 |
|
| 650 | 7 |
_aLiteratura hispánica _ySIglo XX _944726 |
|
| 650 | 7 |
_aLiteratura hispánica _zSiglo XVI _944722 |
|
| 690 | _aLiteratura europea | ||
| 700 |
_aGladieu Marie-Madeleine _945071 |
||
| 942 |
_cLIBRO _a18 _e1 _mL444L _2DEWEY _h809.8942 |
||
| 999 |
_c180161 _d180161 |
||